Luyện phát một số âm tiếng Anh cho học viên Việt Nam qua một vài ca khúc tiếng Anh

Đã lưu trong:
Sonraí Bibleagrafaíochta
Príomhúdar: Lê Thị Lệ Thanh.
Údair Eile: Đinh Thị Minh Hiền (hướng dẫn.)
Formáid: Leabhar
Teanga:Vietnamese
Foilsithe: Đà Nẵng : Đại học Đà Nẵng, 1994.
Ábhair:
Clibeanna: Cuir Clib Leis
Gan Chlibeanna, Bí ar an gcéad duine leis an taifead seo a chlibeáil!
Thư viện lưu trữ: Mạng thư viện Đại học Đà Nẵng
LEADER 01032cmm a2200337 i 4500
001 000044873
003 3283
005 20030818201451.0
008 010307b1994 vm 000 vie
040 |a IRC  |c IRC  |d IRC 
041 0 |a vie 
082 1 4 |a 421.52  |b LÊ-T 
100 1 |a Lê Thị Lệ Thanh. 
245 0 0 |a Luyện phát một số âm tiếng Anh cho học viên Việt Nam qua một vài ca khúc tiếng Anh  |h [Thesis - Luận văn] /  |c Lê Thị Lệ Thanh thực hiện ; Đinh Thị Minh Hiền hướng dẫn. 
260 |a Đà Nẵng :  |b Đại học Đà Nẵng,  |c 1994. 
300 |a 40tr. ;  |c 31.5cm. 
630 0 4 |a Anh ngữ. 
630 0 4 |a Khoá luận. 
630 0 4 |a Luyện âm. 
650 0 4 |a Anh ngữ  |x Phát âm. 
700 1 |a Đinh Thị Minh Hiền,  |e hướng dẫn. 
OWN |a DUT 
999 |a From the UDN01 
TYP |a Computer file 
TYP |a Monograph 
980 |a Mạng thư viện Đại học Đà Nẵng